000 00544nam a2200157 a 4500
001 000030393
005 20200930062305.0
008 110516s1981 dr ac 000 0 spa d
040 _aDO-SdBNP
_bspa
_cBNPHU
082 _axxx
_bS961
100 1 _aSuro, Darío,
_d1917-1998
_957027
245 1 0 _aSuro :
_bselección retrospectiva de la obra de Dario Suro : dibuos, oleos, acrilicas, collages y procelanas /
_cDarío Suro.
260 _aSanto Domingo :
_bGalería de Arte Moderno,
_c1981.
300 _a16 p. :
_bil., retrs. ;
_c21 cm.
049 _aBNPD
999 _c29885
_d29885